Guide to environmental management (Record no. 106417)
[ view plain ]
| 000 -LEADER | |
|---|---|
| fixed length control field | 00303cam a2200121 4500 |
| 001 - CONTROL NUMBER | |
| control field | L136522 |
| 008 - FIXED-LENGTH DATA ELEMENTS--GENERAL INFORMATION | |
| fixed length control field | 070205n2006 000 0 eng u |
| 035 ## - SYSTEM CONTROL NUMBER | |
| System control number | (Sirsi) u136522 |
| 245 ## - TITLE STATEMENT | |
| Title | Guide to environmental management |
| 260 ## - PUBLICATION, DISTRIBUTION, ETC. | |
| Place of publication, distribution, etc. | British Council for Offices |
| Date of publication, distribution, etc. | 2006 |
| 350 ## - PRICE (NR) (BK AM CF MU VM SE) [OBSOLETE] | |
| Price | 45.00. |
| 942 ## - ADDED ENTRY ELEMENTS (KOHA) | |
| Suppress in OPAC | 0 |
No items available.